000 00445nam a2200181Ia 4500
008 100920s9999 xx 000 0 und d
082 _b55582
_a22 थ 66
100 _aSOBERS GARY.
245 _aCRICKET CRUSADER.
260 _bPELHAM BOOKS.
_c1966
300 _a171
_bसाधी
365 _b0
520 _aएस.सी.
630 _aCRICKET CRUSADER.
650 _aएस.सी.
730 _aCRICKET CRUSADER.
942 _cBOOK
999 _c699957
_d699954